00317nam a2200121Ia 4500008004100000041000800041082001500049100001600064245004500080260003300125300003000158365000700188240624s9999 xx 000 0 und d aeng a658.84 DIW aDIWAN PARAG aE COMMERCE A MANAGER S GUIDE TO E BUSINE c2000aNew DelhibExcel Books axi, : 363 : p. : cm. ; 22 cRS